000 00281nam a2200121 i 4500
001 bg
245 0 _aVlijanie tocecnych defektov na svojstva kristallov.
260 _aFrunze,
_c1974.
040 _cBPK
041 _apol
942 _cKS
008 s pl f |000 0 pol
999 _c26255
_d26255
856 _uhttp://koha.tu.koszalin.pl/cgi-bin/koha/opac-detail.pl?biblionumber=26255
_yKatalog online BPK